000 00851nam a2200301 a 4500
003 AR-BaBNM
005 20251128202843.0
008 082120s2002 ||||||||||||||000 | spa||
020 _a950-9078-02-6
040 _cAR-BaBNM
100 1 _aDoallo, Beatriz Celina
245 0 0 _aJuan Bautista Alberdi
_buna voz en la tormenta
250 _a1ª ed.
260 _aBuenos Aires
_bNereo
_c1989
300 _a150 p.
500 _aContiene referencias bibliográficas
500 _aPremio Fondo Nacional de las Artes 1988
504 _aContiene una bibliografía de Juan Bautista Alberdi
650 4 _aBIOGRAFIAS
650 4 _aHISTORIA
650 4 _aHISTORIA POLITICA
650 4 _aHISTORIA DE LAS IDEAS
650 4 _aGUERRAS CIVILES ARGENTINAS
650 4 _aORGANIZACION NACIONAL
655 _aBIOGRAFIAS
942 _cBK
998 _cMariana
999 _c891
_d891